Geomatics (Record no. 106345)
[ view plain ]
| 000 -LEADER | |
|---|---|
| fixed length control field | 00485cam a2200133 4500 |
| 001 - CONTROL NUMBER | |
| control field | L136228 |
| 008 - FIXED-LENGTH DATA ELEMENTS--GENERAL INFORMATION | |
| fixed length control field | 070118n2004 000 0 eng u |
| 035 ## - SYSTEM CONTROL NUMBER | |
| System control number | (Sirsi) u136228 |
| 110 2# - MAIN ENTRY--CORPORATE NAME | |
| Corporate name or jurisdiction name as entry element | Royal Institution of Chartered Surveyors |
| Subordinate unit | Geomatics Faculty |
| 9 (RLIN) | 4352 |
| 245 00 - TITLE STATEMENT | |
| Title | Geomatics |
| Remainder of title | insight into the profession |
| 260 ## - PUBLICATION, DISTRIBUTION, ETC. | |
| Place of publication, distribution, etc. | London |
| Name of publisher, distributor, etc. | RICS |
| Date of publication, distribution, etc. | 2004 |
| 856 41 - ELECTRONIC LOCATION AND ACCESS | |
| Uniform Resource Identifier | <a href="https://www.rics.org/RICSWEB/getpage.aspx?p=PMuwkOy-dkuotOg7xgPNdQ">https://www.rics.org/RICSWEB/getpage.aspx?p=PMuwkOy-dkuotOg7xgPNdQ</a> |
| Public note | View the guide free of charge at www.rics.org... |
| 942 ## - ADDED ENTRY ELEMENTS (KOHA) | |
| Suppress in OPAC | 0 |
| Withdrawn status | Lost status | Source of classification or shelving scheme | Damaged status | Not for loan | Home library | Current library | Shelving location | Date acquired | Total Checkouts | Full call number | Barcode | Date last seen | Copy number | Price effective from | Koha item type |
|---|---|---|---|---|---|---|---|---|---|---|---|---|---|---|---|
| Dewey Decimal Classification | Virtual | Virtual | Online | 18/01/2007 | ONLINE PUBLICATION | 136228-1001 | 06/08/2019 | 1 | 06/08/2019 | Book |